ヨーロッパの都市の人口別のリスト - Statistics

General Stats
  • This quiz has been taken 378 times
  • The average score is 42 of 106
Answer Stats
順位 都市名 国家 人口 % Correct
2 モスクワ ロシア 12,480,481
99%
3 ロンドン イギリス 8,961,989
99%
5 ベルリン ドイツ 3,669,491
97%
8 ローマ イタリア 2,837,332
97%
9 パリ フランス 2,140,​​526
97%
1 イスタンブール トルコ 15,462,452
97%
6 マドリード スペイン 3,266,126
96%
7 キエフ ウクライナ 2,967,360
96%
12 ウィーン オーストリア 1,921,153
93%
4 サンクトペテルブルク ロシア 5,398,064
91%
15 ワルシャワ ポーランド 1,790,658
89%
17 バルセロナ スペイン 1,636,762
87%
20 ミラノ イタリア 1,396,059
84%
16 ブダペスト ハンガリー 1,752,286
82%
11 ミンスク ベラルーシ 2,020,600
80%
18 ミュンヘン ドイツ 1,484,226
80%
22 プラハ チェコ 1,324,277
79%
10 バクー アゼルバイジャン 2,122,300
78%
14 ブカレスト ルーマニア 1,832,883
78%
26 ブリュッセル ベルギー 1,212,352
78%
43 アムステルダム オランダ 872,922
73%
51 フランクフルト ドイツ 761,561
73%
13 ハンブルク ドイツ 1,847,253
71%
39 ストックホルム スウェーデン 975,551
70%
55 オスロ ノルウェー 697,010
70%
21 ベオグラード セルビア 1,344,844
69%
25 ソフィア ブルガリア 1,242,568
69%
62 ヘルシンキ フィンランド 653,835
69%
60 アテネ ギリシャ 664,046
64%
68 コペンハーゲン デンマーク 632,340
63%
40 ナポリ イタリア 962,589
58%
104 リスボン ポルトガル 509,515
58%
87 ダブリン アイルランド 553,165
56%
88 マンチェスター イギリス 552,858
56%
45 マルセイユ フランス 868,277
53%
27 トビリシ ジョージア 1,184,282
52%
44 トリノ イタリア 870,952
51%
70 リガ ラトビア 627,487
50%
63 ロッテルダム オランダ 652,541
46%
29 バーミンガム イギリス 1,141,816
45%
47 ザグレブ クロアチア 809,235
45%
32 ケルン ドイツ 1,087,863
42%
33 エレバン アルメニア 1,084,000
41%
99 リヨン フランス 518,635
41%
57 キシナウ モルドバ 685,900
38%
97 エディンバラ イギリス 524,930
38%
23 カザン ロシア 1,257,391
37%
84 ビリニュス リトアニア 559,250
37%
19 ハルキウ ウクライナ 1,443,207
36%
67 グラスゴー イギリス 633,120
36%
85 ティラナ アルバニア 557,422
33%
83 ブレーメン ドイツ 567,559
32%
103 スコピエ 北マケドニア 509,900
32%
48 バレンシア スペイン 794,288
31%
36 オデーサ ウクライナ 1,017,699
30%
37 ヴォルゴグラード ロシア 1,008,998
30%
42 ドネツク ウクライナ 908,456
30%
89 ハーグ オランダ 547,757
29%
50 クラクフ ポーランド 779,115
28%
71 デュッセルドルフ ドイツ 621,877
28%
30 ロストフ ロシア 1,137,904
26%
53 リヴィウ ウクライナ 724,314
24%
86 ドレスデン ドイツ 556,780
23%
66 シュトゥットガルト ドイツ 635,911
22%
75 ライプツィヒ ドイツ 593,145
22%
76 ドルトムント ドイツ 588,250
22%
81 ジェノヴァ イタリア 574,090
22%
96 アントワープ ベルギー 529,247
22%
100 ニュルンベルク ドイツ 518,370
22%
61 パレルモ イタリア 657,960
19%
56 セビリア スペイン 688,592
18%
92 ハノーファー ドイツ 536,925
18%
24 ニジニーノヴゴロド ロシア 1,252,236
15%
41 クラスノダール ロシア 932,629
15%
34 ヴォロネジ ロシア 1,058,261
13%
79 エッセン ドイツ 582,760
13%
28 サマラ ロシア 1,156,659
12%
31 ウファ ロシア 1,128,787
12%
46 サラトフ ロシア 838,042
12%
52 ザポリージャ ウクライナ 731,922
12%
58 ウッチ ポーランド 679,941
12%
59 サラゴサ スペイン 674,997
12%
77 シェフィールド イギリス 584,853
12%
93 ポズナン ポーランド 534,813
11%
95 アストラハン ロシア 529,793
11%
78 ヨーテボリ スウェーデン 583,056
10%
80 マラガ スペイン 574,654
10%
65 ヴロツワフ ポーランド 642,869
7%
69 ウリヤノフスク ロシア 627,705
7%
73 ヤロスラヴリ ロシア 608,353
7%
38 ドニプロペトロウシク ウクライナ 990,724
6%
74 マハチカラ ロシア 603,518
6%
82 オレンブルク ロシア 572,188
6%
101 キーロフ ロシア 518,348
6%
64 イジェフスク ロシア 648,146
4%
90 ブラッドフォード イギリス 539,776
4%
91 リャザン ロシア 539,290
4%
98 ペンザ ロシア 520,300
4%
49 リッツ イギリス 793,139
3%
54 トリアッティ ロシア 699,429
3%
102 ホメル ベラルーシ 510,300
3%
35 パーマ ロシア 1,055,397
2%
94 ナーベレジヌイェ・チェルヌイ ロシア 533,839
2%
105 リペツク ロシア 508,573
2%
106 バラシハ ロシア 507,366
2%
72 クリベリッヒ ウクライナ 619,278
1%
No matching quizzes found
Score Distribution
Percent of People with Each Score
Percentile by Number Answered
Your Score History
You have not taken this quiz